000 02633nam0a2200433 4500
001 RU\NLR\BIBL_A\022624841
005 20251202095422.0
010 _a978-5-907890-41-1
_9500
021 _aRU
_bКН-П-25-044263
_9КН-П-25-4304
035 _a(NLR Aleph) 022624841
090 _a13496816
_c13496816
100 _a20250918d2024 k y0rusy50 ca
101 0 _arus
102 _aRU
105 _aa z 000yy
181 0 _ai3
_baxxe
182 0 _an
200 1 _aЖимолость в Сибирском ботаническом саду Томского государственного университета
_eмонография
_fС. А. Сучкова, Л. Н. Зибарева, М. С. Ямбуров [и др.]
_gответственный редактор М. С. Ямбуров
_gМинистерство науки и высшего образования Российской Федерации, Национальный исследовательский Томский государственный университет
203 _aТекст
_bвизуальный
_cнепосредственный
210 _aТомск
_cИзд-во Томского государственного университета
_d2024
215 _a301 с.
_cил., табл.
_d21
300 _aАвт. указаны на обороте тит. л.
300 _aНа с. 283-284 авт.: С. А. Сучкова, канд. с.-х. наук, доц., Л. Н. Зибарева, д-р хим. наук, М. С. Ямбуров, канд. биол. наук [и др.]
320 _aБиблиогр.: с. 257-282
601 0 2 _aСибирский ботанический сад
_91169631
_3RU\NLR\AUTH\66151442
606 1 _aЖимолость
_xКультура
_yСибирь
_92688355
_3RU\NLR\AUTH\6601763294
686 1 _aЕ5е(2)л64
686 1 _aП275.9жимолость(2Р5)
701 1 _aСучкова
_bС. А.
_gСветлана Александровна
701 1 _aЗибарева
_bЛ. Н.
_gЛариса Николаевна
701 1 _aЯмбуров
_bМ. С.
_gМихаил Сергеевич
702 1 _aЯмбуров
_bМ. С.
_gМихаил Сергеевич
_4340
711 0 2 _aСибирский ботанический сад
_9520623
_3RU\NLR\AUTH\880428034
712 0 2 _4475
_aНациональный исследовательский Томский государственный университет
_9297856
_3RU\NLR\AUTH\8810205036
942 _cBOOK
980 _aNB